Comment sont morts les empereurs romains ? - Statistiques

Statistiques générales
  • Ce quiz a été pris 73 fois
  • Le résultat moyen est 24 sur 84
Statistiques - réponses
Hint Réponse % Correct
Auguste -63/14 Mort naturelle
83%
Caligula 12/41 Assassinat
76%
Hadrien 76/138 Mort naturelle
59%
Commode 161/192 Assassinat
56%
Domitien 51/96 Assassinat
54%
Tibère -42/37 Mort naturelle
54%
Vespasien 9/79 Mort naturelle
54%
Antonin 86/161 Mort naturelle
54%
Trajan 53/117 Mort naturelle
52%
Marc Aurèle 121/180 Mort naturelle
50%
Claude 10/54 Assassinat
48%
Geta 189/211 Assassinat
48%
Nerva 30/98 Mort naturelle
46%
Galba -3/69 Assassinat
44%
Vitellius 15/69 Assassinat
44%
Pertinax 126/193 Assassinat
43%
Caracalla 188/217 Assassinat
43%
Balbin 165/238 Assassinat
43%
Gordien III 225/244 Assassinat
43%
Aurélien 214/275 Assassinat
43%
Lucius Aurelius Verus 130/169 Mort naturelle
43%
Héliogabale 203/222 Assassinat
41%
Trébonien Galle 206/253 Assassinat
41%
Emilien 207/253 Assassinat
41%
Septime Sévère 145/211 Mort naturelle
41%
Sévère Alexandre 208/235 Assassinat
39%
Maximin 1er 173/238 Assassinat
39%
Florien 210/276 Assassinat
39%
Numérien 253/284 Assassinat
39%
Titus 39/81 Mort naturelle
39%
Néron 37/68 Suicide
37%
Maxime Pupien 178/238 Assassinat
35%
Gallien 218/268 Assassinat
35%
Probus 232/282 Assassinat
35%
Valentinien II 371/392 Assassinat
35%
Dioclétien 244/311 Mort naturelle
35%
Gratien* 359/383 Assassinat
33%
Valentinien III* 419/455 Assassinat
33%
Constantin 1er* 272/337 Mort naturelle
31%
Théodose 1er 347/395 Mort naturelle
30%
Petrone Maxime 396/455 Assassinat
28%
Théodose II 401/450 Mort naturelle
28%
Constant 1er 320/350 Assassinat
26%
Constance Chlore* 250/306 Mort naturelle
26%
Constance II 317/361 Mort naturelle
26%
Sévère III 420/465 Assassinat
24%
Galère 260/311 Mort naturelle
24%
Valentinien 1er* 321/3275 Mort naturelle
24%
Claude II 213/270 Mort naturelle
22%
Flavius Honorius 384/423 Mort naturelle
20%
Constance III* ?/421 Mort naturelle
20%
Othon 32/69 Suicide
20%
Diaduménien 165/218 Exécuté
19%
Flavius Arcadius 377/408 Mort naturelle
19%
Dèce 201/251 Tué au combat
19%
Julien* 331/363 Tué au combat
17%
Valens 328/378 Tué au combat
17%
Didius Julianus 135/193 Exécuté
15%
Licinius 265/325 Exécuté
15%
Marcien 396/457 Mort naturelle
15%
Romulus Augustule 461/ap. 507 Inconnue
13%
Valérien 195/260 Mort en captivité
13%
Tacite 200/276 Mort naturelle
13%
Jovien* 331/364 Mort naturelle
13%
Olybrius 420/472 Mort naturelle
13%
Herennius Etruscus ?/251 Tué au combat
11%
Gordien II 192/238 Tué au combat
9%
Maxime* 335/388 Exécuté
7%
Majorien 420/461 Exécuté
7%
Philippe 204/249 Tué au combat
7%
Constantin II* 316/340 Tué au combat
7%
Anthémius 420/472 Exécuté
6%
Maximien Hercule* 250/310 Suicide
6%
Maximin II 270/313 Suicide
6%
Carin 250/285 Tué au combat
6%
Macrin 165/218 Exécuté
4%
Avitus 385/456 Inconnue
4%
Glycérius 420/ap. 480 Inconnue
4%
Julius Nepos 430/480 Inconnue
4%
Gordien 1er 159/238 Suicide
4%
Carus 224/283 Inconnue
2%
Hostilien 230/251 Mort naturelle
2%
Quintillus 220/270 Inconnue
0%
Sévère II* 265/307 Suicide
0%
Aucun quiz correspondant
Distribution des résultats
% des personnes avec chaque résultat
Percentile par nombre de réponses
Votre historique - résultats
Vous n’avez pas pris ce quiz